Statistics for Countries Closest to Afghanistan - One Minute Sprint

Click here to take the quiz!

General Stats

  • This quiz has been taken 137 times
  • The average score is 16 of 20

Answer Stats

km country miles % Correct
0Pakistan0
98%
211India131
97%
0Iran0
94%
0Turkmenistan0
94%
0Tajikistan0
94%
0Uzbekistan0
92%
1204Iraq748
91%
300Kazakhstan187
87%
101Kyrgyzstan62
85%
0China0
80%
1301Russia808
77%
1016Nepal631
73%
976Saudi Arabia606
70%
1086Azerbaijan675
69%
627United Arab
Emirates
390
66%
576Oman358
66%
1355Armenia842
63%
1202Kuwait747
60%
1010Qatar628
59%
1077Bahrain669
53%

Score Distribution

Percentile by Number Answered

Percent of People with Each Score

Your Score History

You have not taken this quiz